|
|
|
|
| LEADER |
02078nam a2200541 a 4500 |
| 001 |
nkc20091855793 |
| 003 |
CZ PrNK |
| 005 |
20250902144030.0 |
| 007 |
ta |
| 008 |
090305s2008 xr ach f f 000 0 cze |
| 015 |
|
|
|a cnb001855793
|
| 020 |
|
|
|a 978-80-244-2047-9
|q (váz.)
|
| 035 |
|
|
|a (OCoLC)320227108
|
| 040 |
|
|
|a ABA001
|b cze
|d BOA001
|
| 041 |
0 |
|
|a cze
|b eng
|
| 043 |
|
|
|a e-xr---
|b e-xr-ol
|2 czenas
|
| 045 |
|
|
|a x1y0
|
| 072 |
|
7 |
|a 664
|x Potravinářský průmysl
|2 Konspekt
|9 19
|
| 080 |
|
|
|a 664.143
|2 MRF
|
| 080 |
|
|
|a 663.91
|2 MRF
|
| 080 |
|
|
|a 338.45(091)
|2 MRF
|
| 080 |
|
|
|a (437.325)
|2 MRF
|
| 080 |
|
|
|a (048.8)
|2 MRF
|
| 100 |
1 |
|
|a Viktořík, Michael,
|d 1979-
|7 mzk2005306742
|4 aut
|
| 245 |
1 |
0 |
|a Čokoládovnický a cukrovinkářský průmysl v Olomouci /
|c Michael Viktořík
|
| 250 |
|
|
|a 1. vyd.
|
| 260 |
|
|
|a Olomouc :
|b Univerzita Palackého v Olomouci,
|c 2008
|
| 300 |
|
|
|a 213 s. :
|b il. (některé barev.), portréty, faksim. ;
|c 25 cm
|
| 504 |
|
|
|a Obsahuje bibliografii a bibliografické odkazy
|
| 546 |
|
|
|a Anglické resumé
|
| 648 |
|
4 |
|a 1919-2008
|
| 650 |
0 |
7 |
|a cukrářský průmysl
|7 ph114271
|z Česko
|y 20.-21. století
|2 czenas
|
| 650 |
0 |
7 |
|a čokoláda
|7 ph128187
|2 czenas
|
| 650 |
0 |
7 |
|a cukrovinky
|7 ph114267
|2 czenas
|
| 650 |
0 |
7 |
|a dějiny průmyslu
|7 ph488969
|z Česko
|y 20.-21. století
|2 czenas
|
| 650 |
0 |
9 |
|a confectionery industry
|z Czechia
|y 20th-21st centuries
|2 eczenas
|
| 650 |
0 |
9 |
|a chocolate
|2 eczenas
|
| 650 |
0 |
9 |
|a candy
|2 eczenas
|
| 650 |
0 |
9 |
|a history of industry
|z Czechia
|y 20th-21st centuries
|2 eczenas
|
| 655 |
|
7 |
|a monografie
|7 fd132842
|2 czenas
|
| 655 |
|
9 |
|a monographs
|2 eczenas
|
| 856 |
4 |
1 |
|u http://www.digitalniknihovna.cz/mzk/uuid/uuid:c58362c0-bb1b-11e3-9d7d-005056827e51
|y Digitalizovaný dokument
|x NDK
|
| 910 |
|
|
|a BOA001
|b 2-1219.654
|b KPB-0000.641
|
| 990 |
|
|
|a BK
|
| 995 |
|
|
|a 01
|
| 991 |
|
|
|b 200903
|c NOV
|
| 996 |
6 |
|
|b 2610369577
|c 2-1219.654
|l MZK
|r Sklad / do 1 hodiny
|n 0
|p p.v.
|w 000929839
|u 000010
|a 1
|e BOA001
|j MZK50
|s P
|
| 996 |
7 |
|
|b 2610508003
|c 2-1219.654
|l MZK
|r Sklad / do 1 hodiny
|n 7
|w 000929839
|u 000020
|a 1
|e BOA001
|j MZK50
|s A
|